|
|
|
|
| LEADER |
00000nam#a22000001ab4500 |
| 001 |
00029904 |
| 003 |
AR-BaUAD |
| 005 |
20230908142129.0 |
| 008 |
040205s2002####ag#a|||##||||||||#||spa|d |
| 020 |
|
|
|a No posee
|
| 040 |
|
|
|a AR-BaUAD
|b spa
|c AR-BaUAD
|
| 041 |
|
|
|a spa
|
| 044 |
|
|
|c ar
|2 ISO3166-1
|
| 100 |
1 |
|
|a Bendinger, Ernesto G.
|
| 245 |
1 |
3 |
|a La aplicación de métodos rápidos de preparación de prototipos en la gestión global del producto = Rapid prototyping
|
| 260 |
|
|
|a Buenos Aires :
|b UADE, Facultad de Ingeniería y Ciencias Exactas,
|c 2002
|
| 300 |
|
|
|a 43 h. :
|b il.
|
| 490 |
|
|
|a Documento para discusión ; UADE-ING-01/2002
|
| 504 |
|
|
|a Bibliografía: p. 42-43.
|
| 653 |
|
|
|a TECNOLOGIA
|
| 653 |
|
|
|a INDUSTRIA
|
| 653 |
|
|
|a PROTOTIPOS
|
| 653 |
|
|
|a GESTION
|
| 653 |
|
|
|a PRODUCTOS
|
| 653 |
|
|
|a UADE
|
| 653 |
|
|
|a UNIVERSIDAD ARGENTINA DE LA EMPRESA
|
| 655 |
|
|
|a TEXTO
|
| 852 |
|
|
|c 208-5
|
| 952 |
|
|
|0 0
|1 0
|4 0
|6 2085
|7 0
|9 37632
|a AR-BaUAD
|b AR-BaUAD
|d 0000-00-00
|e donac. Anónima
|g 10.00
|i 29904
|l 0
|o 208-5
|p dbrc029904
|r 2023-09-08 14:21:29
|w 2023-09-08
|y BK
|
| 952 |
|
|
|0 0
|1 0
|4 0
|7 0
|9 37633
|a AR-BaUAD
|b AR-BaUAD
|d 2023-09-08
|i 29905
|l 0
|p 5bnhd29905
|r 2023-09-08 14:21:29
|w 2023-09-08
|y BK
|
| 990 |
|
|
|a Ej. No1 : 29904 . 24/6/2003 -- donac. Anónima -- (10 pesos).
|b ADM
|
| 990 |
|
|
|a Ej. No2 : 29905 .
|b ADM
|
| 990 |
|
|
|a DI200
|b TD
|
| 990 |
|
|
|a AAQ00029904
|b CC
|
| 998 |
|
|
|a AAQ
|b Bibun 76
|
| 942 |
|
|
|c BK
|
| 999 |
|
|
|c 18965
|d 18965
|